Interdigitated array microelectrode-based electrochemical impedance immunosensor for detection of escherichia coli O157 :H7 /
Spremljeno u:
| Glavni autor: | |
|---|---|
| Daljnji autori: | , |
| Format: | Članak |
| Jezik: | English |
| Teme: | |
| Oznake: |
Dodaj oznaku
Bez oznaka, Budi prvi tko označuje ovaj zapis!
|
| Thư viện lưu trữ: | Thư viện Trường Đại học Đà Lạt |
|---|
| LEADER | 01019nam a2200337 4500 | ||
|---|---|---|---|
| 001 | DLU090097795 | ||
| 005 | ##20091201 | ||
| 040 | # | # | |a DLU |b eng |
| 041 | # | # | |a eng |
| 044 | # | # | |a us |
| 100 | # | # | |a Yang, Liju. |
| 245 | # | # | |a Interdigitated array microelectrode-based electrochemical impedance immunosensor for detection of escherichia coli O157 :H7 / |c Liju Yang, Yanbin Li, Gisela F. Erf. |
| 653 | # | # | |a Antibody |
| 653 | # | # | |a Bacteria |
| 653 | # | # | |a Enterobacteriaceae |
| 653 | # | # | |a Escherichia coli |
| 653 | # | # | |a Immobilization |
| 653 | # | # | |a Immunosensor |
| 653 | # | # | |a Microelectrode |
| 700 | # | # | |a Erf, Gisela F. |
| 700 | # | # | |a Li, Yanbin. |
| 773 | # | # | |t Analytical Chemistry |g Vol. 76, no. 4 (February 2004), p. 1107-1113 |
| 920 | # | # | |a Phòng Tạp chí -- Trung tâm Thông tin - Thư viện Trường Đại học Đà Lạt |
| 994 | # | # | |a DLU |
| 900 | # | # | |a True |
| 911 | # | # | |a Trương Bảo Trâm Anh |
| 925 | # | # | |a G |
| 926 | # | # | |a A |
| 927 | # | # | |a BB |
| 980 | # | # | |a Thư viện Trường Đại học Đà Lạt |